ბათუმის შოთა რუსთაველის სახელმწიფო უნივერსიტეტის ბიბლიოთეკა

Qualitative methods in tourism research : theory and practice / (ბიბ.ჩანაწერი № 58727)

000 -LEADER
fixed length control field 00903nam a22001937a 4500
005 - DATE AND TIME OF LATEST TRANSACTION
control field 20220708115647.0
008 - FIXED-LENGTH DATA ELEMENTS--GENERAL INFORMATION
fixed length control field 220708s2018en xxu||||| |||| 00| 0 eng d
020 ## - INTERNATIONAL STANDARD BOOK NUMBER
International Standard Book Number 9781845416393 (pbk : alk. paper) 9781845416409 (hbk : alk. paper)
041 ## - LANGUAGE CODE
Language code of text/sound track or separate title eng
080 ## - UNIVERSAL DECIMAL CLASSIFICATION NUMBER
Universal Decimal Classification number 338.48 Q-18
245 ## - TITLE STATEMENT
Title Qualitative methods in tourism research : theory and practice /
Statement of responsibility, etc. edited by : Wendy Hillman, and Kylie Radel.
264 ## - PRODUCTION, PUBLICATION, DISTRIBUTION, MANUFACTURE, AND COPYRIGHT NOTICE
Place of production, publication, distribution, manufacture Bristol:
Name of producer, publisher, distributor, manufacturer Channel View Publications,
Date of production, publication, distribution, manufacture, or copyright notice 2018.
300 ## - PHYSICAL DESCRIPTION
Extent xxvi, 293 pages ;
Dimensions 24 cm.
653 ## - INDEX TERM--UNCONTROLLED
keyword Qualitative methods in tourism research : theory and practice
653 ## - INDEX TERM--UNCONTROLLED
keyword ტურიზმის კვლევის თვისებრივი მეთოდები: თეორია და პრაქტიკა
700 ## - ADDED ENTRY--PERSONAL NAME
Personal name Hillman, Wendy
Relator term რედაქტორი
9 (RLIN) 14328
700 ## - ADDED ENTRY--PERSONAL NAME
Personal name Radel, Kylie
Relator term რედაქტორი
9 (RLIN) 14329
942 ## - ADDED ENTRY ELEMENTS (KOHA)
Source of classification or shelving scheme
Koha item type წიგნი
ეგზემპლარები
Withdrawn status Lost status Source of classification or shelving scheme Damaged status Not for loan Permanent Location Current Location Shelving location Date acquired Cost, normal purchase price Full call number Barcode Date last seen Copy number Price effective from Koha item type Public note
          ბათუმის შოთა რუსთაველის სახელმწიფო უნივერსიტეტის მთავარი ბიბლიოთეკა ბათუმის შოთა რუსთაველის სახელმწიფო უნივერსიტეტის მთავარი ბიბლიოთეკა წიგნსაცავი 2022-07-08 174.00 338.48+796.5 Q-18 62962 2022-07-08 62962 2022-07-08 წიგნი 174 gel.